000 01119nam0a2200313 4500
001 RU\NLR\BIBL_A\012176938
005 20250623221903.0
010 _92000
035 _a(NLR Aleph) 012176938
090 _a13299380
_c13299380
100 _a20200110d1958 |||y0rusy50 ca
101 0 _akir
102 _aKG
105 _aa z 000cy
181 0 _ai
_baxxe
182 0 _an
200 1 _aЧехословакиялык "Интергельпо" кооперативинин тарыхы
_fИ. П. Мужиков, А. К. Каниметов, Р. П. Маречек
203 _aТекст
_bвизуальный
_cнепосредственный
210 _aФрунзе
_cКыргызмамбас
_d1958
215 _a133,[3] c.
_cфот.
_d20
541 1 _aИстория чехословацкого кооператива "Интергельпо"
_zrus
686 1 _aТ3(2Ки)7-27
686 1 _aУ508
700 1 _aМужиков
_bИ. П.
_gИван Павлович
_4070
701 1 _aКаниметов
_bА. К.
_4070
852 _aNLR
_bОНЛ
_jКирг./2-2512
942 _cBOOK
980 _aNB